| 000 | 00431nab a2200145Ia 4500 | ||
|---|---|---|---|
| 003 | ES-SlBCS | ||
| 005 | 20210601131827.0 | ||
| 008 | 140529s1949 xxu||||| |||| 00| 0 fre d | ||
| 041 | _afre | ||
| 100 | 1 |
_aGuigues, L.-P. _9188474 |
|
| 245 | 0 | 2 |
_aA travers les revues italiennes _c L.-P. Guigues |
| 650 | 0 | 4 |
_aRevistas Italianas _9189125 |
| 773 | 0 |
_tVie Spirituelle (La) _gvol. 81, nº. 349, 1949, págs. 523-527 _wRev496 |
|
| 942 | _cAR | ||
| 999 |
_c569508 _d569508 |
||